U.S. National Parks By Picture - Statistics

General Stats
  • This quiz has been taken 174 times
  • The average score is 10 of 15
Answer Stats
Picture Answer % Correct
Yellowstone
99%
Grand Canyon
98%
Yosemite
84%
Redwood
82%
Everglades
80%
Crater Lake
77%
Badlands
76%
Grand Teton
74%
Bryce Canyon
73%
Glacier
73%
Zion
71%
Death Valley
58%
Cuyahoga Valley
43%
Joshua Tree
30%
Gates of the Arctic
19%
No matching quizzes found
Score Distribution
Percent of People with Each Score
Percentile by Number Answered
Your Score History
You have not taken this quiz